| 000 -LEADER | |
|---|---|
| fixed length control field | 00565nam a22001817a 4500 |
| 005 - DATE AND TIME OF LATEST TRANSACTION | |
| control field | 20240109152531.0 |
| 008 - FIXED-LENGTH DATA ELEMENTS--GENERAL INFORMATION | |
| fixed length control field | 190604b xxu||||| |||| 00| 0 eng d |
| 020 ## - INTERNATIONAL STANDARD BOOK NUMBER | |
| ISBN | 978-93-88897-16-7 |
| 041 ## - LANGUAGE CODE | |
| Language code of text/sound track or separate title | eng |
| 082 ## - DEWEY DECIMAL CLASSIFICATION NUMBER | |
| Classification number | 615.321 |
| Item number | GOK-T |
| 100 ## - MAIN ENTRY--AUTHOR NAME | |
| Personal name | GOKHALE, S. B. KOKATE Dr. C.K , TATIYA Dr. A.U AND KALASKAR,DR. M.G. |
| 245 ## - TITLE STATEMENT | |
| Title | A TEXTBOOK OF PHARMACOGNOSY AND PHYTOCHEMISTRY - I [ SECOND YERA B. PHARMA SEMESTER-IV] |
| 250 ## - EDITION STATEMENT | |
| Edition statement | 1st , Ed. 2019 |
| 260 ## - PUBLICATION, DISTRIBUTION, ETC. (IMPRINT) | |
| Place of publication | PUNE |
| Name of publisher | NIRALI PRAKASHAN |
| 300 ## - PHYSICAL DESCRIPTION | |
| Number of Pages | 11.51p, |
| 650 ## - SUBJECT ADDED ENTRY--TOPICAL TERM | |
| Topical Term | PHARMACY |
| General subdivision | B.PHARMA |
| 942 ## - ADDED ENTRY ELEMENTS (KOHA) | |
| Koha item type | Books |
| Lost status | Damaged status | Collection code | Home library | Current library | Shelving location | Date acquired | Source of acquisition | Cost, normal purchase price | Full call number | Accession Number | Koha item type |
|---|---|---|---|---|---|---|---|---|---|---|---|
| PHARMACY | JRU Library | JRU Library | Shelf - 25- D | 04/06/2019 | PURCHESS | 200.00 | 615.321 GOK-T | 22983 | Books | ||
| PHARMACY | JRU Library | JRU Library | Shelf - 25- D | 04/06/2019 | PURCHESS | 200.00 | 615.321 GOK-T | 22984 | Books | ||
| Reference | JRU Library | JRU Library | SHELF-4-B | 04/06/2019 | PURCHESS | 200.00 | 615.321 GOK-T | 22985 | Books | ||
| PHARMACY | JRU Library | JRU Library | Shelf - 25- D | 10/02/2022 | PURCHASE | 250.00 | 615.321 | 26205 | Books | ||
| PHARMACY | JRU Library | JRU Library | Shelf - 25- D | 10/02/2022 | PURCHASE | 250.00 | 615.321 | 26206 | Books | ||
| PHARMACY | JRU Library | JRU Library | SHELF-17-D | 10/02/2022 | PURCHASE | 250.00 | 615.321 | 26207 | Books | ||
| PHARMACY | JRU Library | JRU Library | SHELF-17-D | 26/02/2022 | PURCHASE | 250.00 | 615.321 | 26725 | Books | ||
| PHARMACY | JRU Library | JRU Library | Shelf - 25- D | 26/02/2022 | PURCHASE | 250.00 | 615.321 | 26726 | Books | ||
| PHARMACY | JRU Library | JRU Library | Shelf - 25- D | 26/02/2022 | PURCHASE | 250.00 | 615.321 | 26727 | Books |